Statistics for Surprising food Origins

Click here to take the quiz!

General Stats

  • This quiz has been taken 29 times
  • The average score is 4 of 6

Answer Stats

Answer% Correct
China
96%
United States
92%
Belgium
73%
Canada
65%
Greece
46%
England
23%

Score Distribution

Percentile by Number Answered

Percent of People with Each Score

Your Score History

You have not taken this quiz